| 000 | 00425pab a2200145 454500 | ||
|---|---|---|---|
| 008 | 180718b1998 xxu||||| |||| 00| 0 eng d | ||
| 100 | _aVijaykumar, A. | ||
| 245 | _aTransactions demand for working capital in Indian public sector enterprises: some theoretical and practical results | ||
| 260 | _c1998 | ||
| 300 | _ap.17-26 | ||
| 362 | _aJan-Jun | ||
| 650 | _aPublic sector | ||
| 773 | _aPublic Enterprise | ||
| 909 | _a37599 | ||
| 999 |
_c37599 _d37599 |
||